Dynamic mechanical and thermal properties of physically compatibilized natural rubber/poly(methyl methacrylate) blends by the addition of natural rubber-graft-poly(methyl methacrylate) (Record no. 57446)

MARC details
000 -LEADER
fixed length control field 00624nam a2200181Ia 4500
100 ## - MAIN ENTRY--AUTHOR NAME
Personal name Oommen Z
245 #0 - TITLE STATEMENT
Title Dynamic mechanical and thermal properties of physically compatibilized natural rubber/poly(methyl methacrylate) blends by the addition of natural rubber-graft-poly(methyl methacrylate)
260 ## - PUBLICATION, DISTRIBUTION, ETC. (IMPRINT)
Name of publisher Journal of Polymer Science : Polymer Physics Edition
Year of publication 2000
300 ## - PHYSICAL DESCRIPTION
Number of Pages 525-36
500 ## - GENERAL NOTE
General note Source Year: 2000
650 ## - SUBJECT ADDED ENTRY--TOPICAL TERM
Topical Term Graft copolymer
650 ## - SUBJECT ADDED ENTRY--TOPICAL TERM
Topical Term Natural rubber
700 ## - ADDED ENTRY--PERSONAL NAME
Personal name Groeninckx G
700 ## - ADDED ENTRY--PERSONAL NAME
Personal name Thomas S
856 ## - ELECTRONIC LOCATION AND ACCESS
Uniform Resource Identifier RAPRA
942 ## - ADDED ENTRY ELEMENTS (KOHA)
Koha item type Journals
Holdings
Withdrawn status Lost status Damaged status Not for loan Home library Current library Shelving location Date acquired Serial Enumeration / chronology Koha item type
      Journals RRII Library RRII Library Rubber chemistry 17/12/2021 Volume 38, Issue 4 Journals